000 00339nam a2200121Ia 4500
008 220216s9999 xx 000 0 und d
100 _aSusaevee Punpichaya
245 0 _aAlternatives for farmers with recommended rubber clones
260 _bRubber International Magazine
_c2009
300 _a16-19
650 _aRubber clones
942 _cJS
999 _c54065
_d54065